| 000 | 00950nam a2200217 4500 | ||
|---|---|---|---|
| 005 | 20210914231132.0 | ||
| 008 | 210914s1997 pe |||fr|||| 001 0 spa d | ||
| 040 |
_aCENDOC CAAAP _bspa _cCAAAP |
||
| 041 | _aspa | ||
| 050 |
_aHQ 71 _bM43 |
||
| 100 | 1 |
_94058 _aMerino Lucero, Beatriz |
|
| 245 |
_aMatrimonio y violación : _bel debate del artículo 178° del Código Penal Peruano / _cBeatriz Merino Lucero |
||
| 250 | _a1ra ed. | ||
| 260 |
_aLima: _bMovimiento Manuela Ramos, _c1997 |
||
| 300 | _a154 p. | ||
| 505 | _aContiene : Nuestro testimonio --La necesidad de un cambio -- El largo recorrido de la propuesta -- No estamos solas: el logro de una meta -- Nuestro análisis -- Tratamiento jurídico del matrimonio como eximente de responsabilidad penal --El debate jurídico, sus alcances y perspectivas -- Anexos. | ||
| 650 | 1 | 0 |
_91174 _aMatrimonio |
| 650 | 2 | 0 |
_93355 _aDerechos de la Mujer |
| 651 | 0 |
_912 _aPerú |
|
| 942 |
_2lcc _b15 - 09 - 21 _cBK |
||
| 999 |
_c2417 _d2417 |
||